Record Goalscorers - Mexico - Statistics

General Stats
  • This quiz has been taken 39 times
  • The average score is 4 of 10
Answer Stats
Goals Games played Answer % Correct
52 109 Javier Hernandez
97%
35 84 Luis Hernandez
94%
44 125 Raul Jimenez
58%
28 182 Andres Guardado
44%
39 120 Cuauhtemoc Blanco
44%
46 89 Jared Borgetti
25%
28 76 Luis Garcia
25%
25 67 Oribe Peralta
19%
32 75 Carlos Hermosillo
11%
30 81 Zaguinho
8%
No matching quizzes found
Score Distribution
Percent of People with Each Score
Percentile by Number Answered
Your Score History
You have not taken this quiz